000 nam a22 7a 4500
999 _c232729
_d232729
003 Nust
005 20170223101812.0
008 170223b xxu||||| |||| 00| 0 eng d
020 _a9780893122652
040 _cDLC
082 _a690.54 KAN
245 _aConcrete floors and moisture.
_cKanare, Howard M
260 _aSkokie, IL :
_bPortland Cement Association,
_c2008
942 _2ddc
_cBK